Zodpovednosť za škodu v obchodnom práve diplomová práca

Enregistré dans:
Détails bibliographiques
Auteur principal: Klúcsik, Peter
Collectivité auteur: Obchodná fakulta EU. Katedra obchodného práva
Autres auteurs: Veterníková, Mária, 1964-
Format: Livre
Langue:slovaque
Publié: Bratislava 2018
Tags: Ajouter un tag
Pas de tags, Soyez le premier à ajouter un tag!

MARC

LEADER 00000nbm a2200000 4500
001 0243321
005 20180730095008.2
041 0 |a slo 
044 |a SK 
245 1 0 |a Zodpovednosť za škodu v obchodnom práve  |b diplomová práca  |c Peter Klúcsik ; školiteľ: Mária Veterníková 
264 1 |a Bratislava  |c 2018 
300 |a 74 s. 
100 1 |a Klúcsik, Peter 
700 1 |a Veterníková, Mária, 1964- 
710 2 |a Obchodná fakulta EU. Katedra obchodného práva